Normal view
MARC view
Entry Personal Name
001 - CONTROL NUMBER
- control field: 239248
003 - CONTROL NUMBER IDENTIFIER
- control field: OSt
005 - DATE AND TIME OF LATEST TRANSACTION
- control field: 20250918100545.0
008 - FIXED-LENGTH DATA ELEMENTS
- fixed length control field: 250918|| aca||aabn | a|a d
040 ## - CATALOGING SOURCE
- Original cataloging agency: OSt
- Transcribing agency: OSt
100 ## - HEADING--PERSONAL NAME
- Personal name: SANJIVA (A)
- Dates associated with a name: ಸಂಜೀವ (ಎ)
670 ## - SOURCE DATA FOUND
- Source citation: Work cat.: (OSt)214732: SANJIVA (A) ಸಂಜೀವ (ಎ) , Netterda Kanige, 1970